Preispolitik in der Deutschen Demokratischen Republik

Uložené v:
Podrobná bibliografia
Médium: Kniha
Jazyk:German
Vydavateľské údaje: Berlin Hochschule für Ökonomie "Bruno Leuschner" 1983
Edícia:Chrestomathie "Preise"
Tagy: Pridať tag
Žiadne tagy, Buďte prvý, kto otaguje tento záznam!

MARC

LEADER 00000nam a2200000 4500
001 c115372
005 20041019155201.2
041 0 |a ger 
044 |a DE 
245 1 0 |a Preispolitik in der Deutschen Demokratischen Republik 
264 1 |a Berlin  |b Hochschule für Ökonomie "Bruno Leuschner"  |c 1983 
300 |a 135 s. 
490 1 |a Chrestomathie "Preise" 
830 0 |a Chrestomathie "Preise"